000 00371nam a2200145Ia 4500
008 210210b1982 xxu||||| |||| 00| 0 eng d
082 _a958.1 GANH
100 _aGANKOVSKY (Yu.V) and others.
245 _aHistory of Afghanistan.
260 _aMoscow
_bProgress Publishers
_c1982
300 _a360
650 _aAfghanistan
690 _aAsian History
906 _a042119
999 _c91964
_d91964